<?xml version="1.0" encoding="UTF-8"?>
<marc:record xmlns:marc="http://www.loc.gov/MARC21/slim">
   <marc:leader>00000nam a2200000 a 4500</marc:leader>
   <marc:datafield ind1="1" ind2=" " tag="100">
      <marc:subfield code="a">Woollard, Elli</marc:subfield>
      <marc:subfield code="4">aut</marc:subfield>
      <marc:subfield code="e">Verfasser/-in</marc:subfield>
   </marc:datafield>
   <marc:datafield ind1="1" ind2=" " tag="100">
      <marc:subfield code="a">Altés, Marta</marc:subfield>
      <marc:subfield code="4">ill</marc:subfield>
      <marc:subfield code="e">Illustrator/-in</marc:subfield>
   </marc:datafield>
   <marc:datafield ind1="1" ind2=" " tag="100">
      <marc:subfield code="a">Boese, Cornelia</marc:subfield>
      <marc:subfield code="4">trl</marc:subfield>
      <marc:subfield code="e">Übersetzer/-in</marc:subfield>
   </marc:datafield>
   <marc:datafield ind1=" " ind2=" " tag="653">
      <marc:subfield code="a">Folk Tales</marc:subfield>
   </marc:datafield>
   <marc:datafield ind1=" " ind2=" " tag="653">
      <marc:subfield code="a">Legends &amp; Mythology</marc:subfield>
   </marc:datafield>
   <marc:datafield ind1=" " ind2=" " tag="653">
      <marc:subfield code="a">Vorlesebuch</marc:subfield>
   </marc:datafield>
   <marc:datafield ind1=" " ind2=" " tag="653">
      <marc:subfield code="a">MÃ¤rchensammlung</marc:subfield>
   </marc:datafield>
   <marc:datafield ind1=" " ind2=" " tag="653">
      <marc:subfield code="a">Cinderella</marc:subfield>
   </marc:datafield>
   <marc:datafield ind1=" " ind2=" " tag="653">
      <marc:subfield code="a">märchenbuch</marc:subfield>
   </marc:datafield>
   <marc:datafield ind1=" " ind2=" " tag="653">
      <marc:subfield code="a">gebrüder grimm</marc:subfield>
   </marc:datafield>
   <marc:datafield ind1=" " ind2=" " tag="653">
      <marc:subfield code="a">Hänsel und Gretel</marc:subfield>
   </marc:datafield>
   <marc:datafield ind1=" " ind2=" " tag="653">
      <marc:subfield code="a">Rotkäppchen</marc:subfield>
   </marc:datafield>
   <marc:datafield ind1=" " ind2=" " tag="653">
      <marc:subfield code="a">Märchensammlung</marc:subfield>
   </marc:datafield>
   <marc:datafield ind1=" " ind2=" " tag="653">
      <marc:subfield code="a">durchgehend farbig illustriert</marc:subfield>
   </marc:datafield>
   <marc:datafield ind1=" " ind2=" " tag="653">
      <marc:subfield code="a">Softcover / Kinder- und Jugendbücher/Vorlesebücher</marc:subfield>
   </marc:datafield>
   <marc:datafield ind1=" " ind2=" " tag="653">
      <marc:subfield code="a">Kinderbuch</marc:subfield>
   </marc:datafield>
   <marc:datafield ind1=" " ind2=" " tag="653">
      <marc:subfield code="a">Märchen und Sagen für Kinder und Jugendliche</marc:subfield>
   </marc:datafield>
   <marc:datafield ind1="0" ind2="0" tag="245">
      <marc:subfield code="a">Grimms schönste Märchen</marc:subfield>
   </marc:datafield>
   <marc:datafield ind1="0" ind2="0" tag="245">
      <marc:subfield code="c">nacherzählt von Elli Woollard ; ins Deutsche übertragen von Cornelia Boese ; illustriert von Marta Altés</marc:subfield>
   </marc:datafield>
   <marc:datafield ind1=" " ind2="1" tag="264">
      <marc:subfield code="a">München</marc:subfield>
      <marc:subfield code="b">arsEdition</marc:subfield>
   </marc:datafield>
   <marc:datafield ind1="1" ind2=" " tag="520">
      <marc:subfield code="a">Angaben aus der Verlagsmeldung

Grimms schönste Märchen / von Gebrüder Grimm, Elli Woollard

Die Märchen der Brüder Grimm - modern illustriert und frisch gereimt!

In diesem Buch werden die schönsten Märchen der Gebrüder Grimm nacherzählt. Die Geschichten sind toll gereimt von Cornelia Boese und bunt illustriert von Marta Altés, sodass die bekannten Geschichten in neuem Licht erscheinen. Ein besonderer Vorleseschatz und ein tolles Geschenk für große und kleine Märchenfans ab 5 Jahren!

Ein besonderer Vorlesespaß für die ganze Familie

Im finsteren Wald steht ein Lebkuchenhaus,

geheimnisvoll wirkt es und süß sieht es aus.

Doch lasst euch vom lieblichen Anblick nicht blenden,

am Häuschen zu knabbern kann sehr böse enden!

Eine Auswahl der beliebten Märchen der Gebrüder Grimm sind nicht nur etwas für Kinder, sondern für die ganze Familie! Klassiker wie Hänsel und Gretel, Rotkäppchen oder Aschenputtel garantieren viele gemütliche und spannende Vorlesestunden. 

Ein märchenhaftes Vorlesebuch: Moderne und bunte Illustrationen von Marta Altés

Frisch erzählt: Gereimt nacherzählte Varianten der klassischen Märchen der Brüder Grimm

Zeitlose Botschaft: Themen wie Freundschaft, Vertrauen oder Ehrlichkeit bieten zahlreiche Gesprächsanlässe

Zum gemeinsamen Vorlesen: Ein Bilderbuch, das die ganze Familie begeistern wird und zum Vorlesen oder ersten Selberlesen einlädt

Folgende Märchen sind im Buch enthalten:

Rotkäppchen

Die Bremer Stadtmusikanten

Aschenputtel

Der Schuster und die Wichtel

Hänsel und Gretel

</marc:subfield>
   </marc:datafield>
   <marc:datafield ind1=" " ind2=" " tag="020">
      <marc:subfield code="a">9783845841168</marc:subfield>
      <marc:subfield code="9">9783845841168</marc:subfield>
   </marc:datafield>
   <marc:datafield ind1=" " ind2=" " tag="020">
      <marc:subfield code="a">3845841168</marc:subfield>
      <marc:subfield code="9">3845841168</marc:subfield>
   </marc:datafield>
   <marc:datafield ind1=" " ind2=" " tag="041">
      <marc:subfield code="a">ger</marc:subfield>
   </marc:datafield>
   <marc:datafield ind1=" " ind2=" " tag="300">
      <marc:subfield code="a">93 Seiten</marc:subfield>
   </marc:datafield>
</marc:record>
